| 000 | 00392nam a2200169Ia 4500 | ||
|---|---|---|---|
| 005 | 20250423095040.0 | ||
| 008 | 250422s9999 xx 000 0 und d | ||
| 020 | _a9780199684274 | ||
| 050 | _aQL 9 .A45/ | ||
| 100 | _aAllaby, Michael | ||
| 245 | 0 | _aDictionary of zoology | |
| 250 | _a4th ed. | ||
| 260 | _aNew York | ||
| 260 | _c2014 | ||
| 650 | _aZoology--Dictionaries. | ||
| 942 | _cBK | ||
| 999 |
_c29085 _d29085 |
||